Once inicial del Valencia 2010 - 2019 - Estadísticas

Estadísticas generales
  • Esta prueba ha sido intentada 125 veces
  • La puntuación promedio es 22 de 59
Estadísticas de respuestas
Jugador % Correcto
Diego Alves
88%
David Villa
77%
Geoffrey Kondogbia
77%
Dani Parejo
74%
José Gayà
70%
Neto
70%
Shkodran Mustafi
67%
Simone Zaza
67%
André Gomes
66%
Daniel Wass
66%
David Silva
66%
Sofiane Feghouli
63%
Nicolás Otamendi
60%
Rodrigo
59%
Juan Mata
57%
Gonçalo Guedes
56%
Gabriel Paulista
55%
Roberto Soldado
55%
Ezequiel Garay
53%
Éver Banega
49%
Francis Coquelin
48%
David Albelda
46%
Paco Alcácer
45%
Cristiano Piccini
43%
Jaume Doménech
42%
Jérémy Mathieu
41%
Jordi Alba
41%
Carlos Soler
40%
João Cancelo
37%
Vicente Guaita
37%
Aymen Abdennour
35%
Joaquín
33%
Andrés Guardado
29%
Santi Mina
29%
Tino Costa
29%
Jonas
25%
Enzo Pérez
24%
Pablo Piatti
24%
Adil Rami
23%
Eliaquim Mangala
23%
João Pereira
23%
Ricardo Costa
23%
Mehmet Topal
19%
César Sánchez
18%
Javi Fuego
18%
Marius Stankevičius
18%
Pablo Hernández
16%
Martín Montoya
15%
Nani
15%
Antonio Barragán
14%
Aritz Aduriz
12%
Juan Bernat
10%
Bruno
9%
Víctor Ruiz
8%
Ángel Dealbert
7%
Alexis
5%
Munir El Haddadi
4%
Federico Cartabia
3%
Miguel Monteiro
2%
No se encontraron pruebas coincidentes
Distribución de puntuación
Porcentaje de gente con cada puntuación
Porcentaje por número respondido
Historial de tus puntuaciones
No has intentado esta prueba.